Turbo Pascal: self-teaching guide covers through versión 6.0
Gardado en:
| Autor Principal: | |
|---|---|
| Formato: | Libro |
| Idioma: | inglés |
| Publicado: |
Nueva York
John Wiley
1991
|
| Series: | Wiley self-teaching guides
|
| Subjects: | |
| Tags: |
Engadir etiqueta
Sen Etiquetas, Sexa o primeiro en etiquetar este rexistro!
|
MARC
| LEADER | 00000nam a2200000 a 4500 | ||
|---|---|---|---|
| 001 | UCV7095 | ||
| 003 | CL-VaPUC | ||
| 008 | 930429e19910000US |||||||||||||||||eng|d | ||
| 082 | 0 | 4 | |a 005.369 |b WEI |2 21 |
| 100 | 0 | |a Weiskamp, Keith |e author |9 301110 | |
| 245 | 1 | 0 | |a Turbo Pascal: self-teaching guide covers through versión 6.0 |
| 300 | |a 344 p | ||
| 942 | |c BK | ||
| 945 | |d 19930429 00:00:00 | ||
| 260 | |a Nueva York |b John Wiley |c 1991 | ||
| 650 | 7 | |a TURBO PASCAL PROGRAMA PARA COMPUTADOR |2 CL-VaPUC |9 263455 | |
| 583 | |a last modification |c 19930429 00:00:00 |k Rodrigo Vera | ||
| 490 | 0 | |a Wiley self-teaching guides | |
| 999 | |c 212836 |d 212834 | ||
| 952 | |0 0 |1 0 |4 0 |6 005_369000000000000_WEI_1991 |7 0 |8 A |9 194514 |a BIBING |b BIBING |d 2019-11-14 |i 3315673 |o 005.369 WEI 1991 |p 3315673 |r 2025-01-20 |w 2019-11-14 |y BK |k EIQ | ||